D. A. F. de Sade : une douce façon de faire le mal (notice n° 1857847)
[ vue normale ]
| 000 -LEADER | |
|---|---|
| fixed length control field | 01986cam a2200169 4500500 |
| 005 - DATE AND TIME OF LATEST TRANSACTION | |
| control field | 20260329011021.0 |
| 041 ## - LANGUAGE CODE | |
| Language code of text/sound track or separate title | fre |
| 042 ## - AUTHENTICATION CODE | |
| Authentication code | dc |
| 100 10 - MAIN ENTRY--PERSONAL NAME | |
| Personal name | Vázquez, Lydia |
| Relator term | author |
| 245 00 - TITLE STATEMENT | |
| Title | D. A. F. de Sade : une douce façon de faire le mal |
| 260 ## - PUBLICATION, DISTRIBUTION, ETC. | |
| Date of publication, distribution, etc. | 2026.<br/> |
| 500 ## - GENERAL NOTE | |
| General note | 7 |
| 520 ## - SUMMARY, ETC. | |
| Summary, etc. | Sade subvertit le concept de « douceur », qualité éminemment féminine, comme l’atteste le siècle, à la suite de Rousseau, dont la Julie (La Nouvelle Héloïse) incarne « l’union touchante d’une sensibilité si vive et d’une inaltérable douceur ». Avec l’Histoire de Juliette (1801), renversement capital : Sade fait de la douceur naturelle féminine un instrument au service du libertinage, qui s’appuie sur cette « douce façon de faire le mal » pour pratiquer le vice « en douce » et en faire « une douce habitude ». La gradation s’impose comme un concept-clé, entre scènes violentes et douceurs raffinées, entraînant le lecteur à côtoyer l’abime, au fil d’une déconstruction radicale des stéréotypes idéologiques de l’Ancien Régime. |
| 520 ## - SUMMARY, ETC. | |
| Summary, etc. | De Sade subverts the concept of douceur, an eminently feminine quality, as reflected by the century and by Rousseau, whose Julie (The New Héloïse) embodies “the touching union of such intense sensitivity and an inalterable sweetness”. In Juliette (1801), de Sade turns the concept upside down, converting women’s natural douceur into an instrument of libertinism, which harnesses this “gentle way of doing evil” to surreptitiously engage in vice and turn it into a “a sweet habit”. Gradation is a key concept, from violent scenes to refined gentleness, taking readers to the edge of the abyss through a radical deconstruction of the ideological stereotypes of the Ancien Régime. |
| 786 0# - DATA SOURCE ENTRY | |
| Note | Littérature | 221 | 1 | 2026-03-04 | p. 96-110 | 0047-4800 |
| 856 41 - ELECTRONIC LOCATION AND ACCESS | |
| Uniform Resource Identifier | <a href="https://shs.cairn.info/revue-litterature-2026-1-page-96?lang=fr&redirect-ssocas=7080">https://shs.cairn.info/revue-litterature-2026-1-page-96?lang=fr&redirect-ssocas=7080</a> |
Pas d'exemplaire disponible.




Réseaux sociaux